Text book of mathematics (Record no. 184340)

000 -LEADER
fixed length control field 00327nam a2200121Ia 4500
008 - FIXED-LENGTH DATA ELEMENTS--GENERAL INFORMATION
fixed length control field 220217s9999||||xx |||||||||||||| ||und||
082 ## - DEWEY DECIMAL CLASSIFICATION NUMBER
Classification number 510 BHA
100 ## - MAIN ENTRY--PERSONAL NAME
Personal name Rao, Srinivasa
245 #0 - TITLE STATEMENT
Title Text book of mathematics
260 ## - PUBLICATION, DISTRIBUTION, ETC.
Place of publication, distribution, etc. Exelent publication
Name of publisher, distributor, etc. Bangalore
Date of publication, distribution, etc. 2012
300 ## - PHYSICAL DESCRIPTION
Extent XVI, 1024p.
Other physical details 333
650 ## - SUBJECT ADDED ENTRY--TOPICAL TERM
Topical term or geographic name entry element MATHEMATICS
Holdings
Withdrawn status Lost status Damaged status Not for loan Collection code Home library Current library Date acquired Total Checkouts Full call number Barcode Date last seen Date last checked out Price effective from Koha item type
        Civil Engineering Central Library Central Library 02/18/2022 1 510 BHA 19529 05/23/2023 02/22/2023 02/18/2022 Books

Powered by Koha